Countries by Salt & Pepper Shakers Quiz Stats

 Plays Quiz Updated Dec 12, 2014

Score 0/16 Timer 03:00
0 Plays Today
Country % Correct
Mexico
96.9%
United States
96.9%
Egypt
96.2%
Australia
94.1%
Ireland
92.1%
Japan
91.1%
Russia
88.2%
Netherlands
86.6%
Country % Correct
Peru
63.6%
Canada
48.6%
Greece
40.2%
Thailand
39.7%
Portugal
28.9%
Cuba
28.6%
Sweden
26.9%
Morocco
19.8%

You're not logged in!

Compare scores with friends on all Sporcle quizzes.
OR
Log In

Show Comments

Extras

Top Quizzes Today


Score Distribution

Your Account Isn't Verified!

In order to create a playlist on Sporcle, you need to verify the email address you used during registration. Go to your Sporcle Settings to finish the process.

Report this User

Report this user for behavior that violates our Community Guidelines.

Details: